00760nam a2200205Ia 4500008004100000020001500041040001800056041000800074100004100082245010000123260004700223300001800270490008600288501002300374501001400397600006300411650001900474650002200493700003900515130821s2005 sp gr spa  a8420659576 aCo-BoUCMbspa00aspa1 aAristófanesd444 a. C. - 385 a. C.14aLos pájaroscAristófanes ;Traducción introducción y notas de Javier Martínez García aMadrid (España)bAlianza Editorialc2005 a303 páginas aEl Libro de Bolsillo.v8277aBiblioteca Temática.aClásicos de Grecia y Roma aLas asambleístas aLas ranas aAristófanesd444-385xCrítica e interpretación, etc.04aComedia griega04aLiteratura griega1 aMartínez García, Javieretrad.